Agnès Demazières, Sans loi ni foi. Prêtres et violences sexuelles au cœur du système catholique. Payot, “Histoire”, 2024, 240 pages, €21.50. (notice n° 1719581)
[ vue normale ]
| 000 -LEADER | |
|---|---|
| fixed length control field | 00691cam a2200157 4500500 |
| 005 - DATE AND TIME OF LATEST TRANSACTION | |
| control field | 20260322002005.0 |
| 041 ## - LANGUAGE CODE | |
| Language code of text/sound track or separate title | fre |
| 042 ## - AUTHENTICATION CODE | |
| Authentication code | dc |
| 100 10 - MAIN ENTRY--PERSONAL NAME | |
| Personal name | Baujard, Monique |
| Relator term | author |
| 245 00 - TITLE STATEMENT | |
| Title | Agnès Demazières, Sans loi ni foi. Prêtres et violences sexuelles au cœur du système catholique. Payot, “Histoire”, 2024, 240 pages, €21.50. |
| 260 ## - PUBLICATION, DISTRIBUTION, ETC. | |
| Date of publication, distribution, etc. | 2025.<br/> |
| 500 ## - GENERAL NOTE | |
| General note | 93 |
| 520 ## - SUMMARY, ETC. | |
| Summary, etc. | Artemisia, exhibited at the Musée Jacquemart-André, portrays women who resist male violence, echoing her own story. |
| 786 0# - DATA SOURCE ENTRY | |
| Note | Études | Jui | 6 | 2025-05-21 | p. 143-143 | 0014-1941 |
| 856 41 - ELECTRONIC LOCATION AND ACCESS | |
| Uniform Resource Identifier | <a href="https://shs.cairn.info/journal-etudes-2025-6-page-143?lang=en&redirect-ssocas=7080">https://shs.cairn.info/journal-etudes-2025-6-page-143?lang=en&redirect-ssocas=7080</a> |
Pas d'exemplaire disponible.




Réseaux sociaux